000 00931nam a2200181Ia 4500
008 100921s9999 xx 000 0 und d
082 _b27576
_a100 थ 94
100 _aजोशी गजानन नारायण.
245 _aभारतीय तत्वज्ञानाचा बृहद्र इतिहास-3-चार दर्शने.
260 _bशुभदा-सारस्वत प्रकाशन,पुणे.
_c1994
300 _a465
_bरसिक साहित्य,पुणे
365 _b360
520 _aतत्वज्ञान.
630 _aभारतीय तत्वज्ञानाचा बृहद्र इतिहास-3-चार दर्शने.
650 _aतत्वज्ञान.
730 _aभारतीय तत्वज्ञानाचा बृहद्र इतिहास-3-चार दर्शने.
942 _cBOOK
999 _c776689
_d776686